000 00510nmm a2200157Ia 4500
008 251105s9999||||xx |||||||||||||||||und||
020 _a9788431535322
041 _aspa
100 _aLonegren, Sig
245 0 _aEl péndulo. Encuentre objetos perdidos y disfrute adivinando
264 _a[Madrid, España] :
_bDe Vecchi,
_c[Fecha de publicación no identificada]
300 _a0 páginas
650 _aMind, body and spirituality
856 _uhttps://public.digitaliapublishing.com/a/121671
942 _cCF
999 _c81405
_d81405